The growth of the Christian church (Record no. 632)

MARC details
000 -LEADER
fixed length control field 00778cam a22002651 4500
001 - CONTROL NUMBER
control field 6914903
003 - CONTROL NUMBER IDENTIFIER
control field GBCCL
005 - DATE AND TIME OF LATEST TRANSACTION
control field 20241126110342.0
008 - FIXED-LENGTH DATA ELEMENTS--GENERAL INFORMATION
fixed length control field 761117s1941 pau b 001 0 eng
010 ## -
-- 41026724
035 ## - SYSTEM CONTROL NUMBER
System control number (OCoLC)2564272
040 ## - CATALOGING SOURCE
Original cataloging agency DLC
Transcribing agency FTaSU
Modifying agency FTaSU
-- DLC
042 ## -
-- premarc
050 00 -
-- BR145
-- .N6 1941
082 ## - DEWEY DECIMAL CLASSIFICATION NUMBER
Classification number 270
Item number NIC
100 1# - MAIN ENTRY--PERSONAL NAME
Personal name Nichols, Robert Hastings,
Dates associated with a name 1873-1955.
245 14 - TITLE STATEMENT
Title The growth of the Christian church
Statement of responsibility, etc. [by] Robert Hastings Nichols.
250 ## - EDITION STATEMENT
Edition statement Rev. ed.
260 ## - PUBLICATION, DISTRIBUTION, ETC.
Place of publication, distribution, etc. Philadelphia,
Name of publisher, distributor, etc. The Westminster Press,
Date of publication, distribution, etc. 1941.
300 ## - PHYSICAL DESCRIPTION
Extent xviii, 380 p.
Dimensions 19 cm.
504 ## - BIBLIOGRAPHY, ETC. NOTE
Bibliography, etc. note "Reading" at end of each chapter.
650 #0 - SUBJECT ADDED ENTRY--TOPICAL TERM
Topical term or geographic name entry element Church history.
906 ## - LOCAL DATA ELEMENT F, LDF (RLIN)
a 7
b cbc
c oclcrpl
d u
e ncip
f 19
g y-gencatlg
942 ## - ADDED ENTRY ELEMENTS (KOHA)
Source of classification or shelving scheme Dewey Decimal Classification
Koha item type Books
Koha issues (borrowed), all copies 12
Holdings
Withdrawn status Lost status Source of classification or shelving scheme Damaged status Not for loan Home library Current Library Shelving location Date acquired Total checkouts Full call number Barcode Date last seen Date last checked out Copy number Price effective from Koha item type
    Dewey Decimal Classification     GRACE BIBLE COLLEGE GRACE BIBLE COLLEGE Church History 2016-11-25 13 270 NIC 000294 2025-10-03 2025-09-26 c.1 2016-11-25 Books
© Grace Bible College Library 2025